000 01046cam a22003011 4500
001 18338
003 BD-RjUL
005 20211209000254.0
008 140220s1965 nju b 000 0 eng
035 _a(BD-RjUL)19396
040 _aDLC
_cDLC
_dDLC
_beng
041 _aeng
082 0 0 _a822.33
_bSHA 1965
100 1 _aWaith, Eugene M.,
_956250
245 1 0 _aShakespeare: the histories :
_ba collection of critical essays /
_cedited by Eugene M. Waith.
260 _aEnglewood Cliffs, N.J. :
_bPrentice-Hall,
_c1965
300 _a185 p. ;
_c21 cm.
490 0 _aA Spectrum book: Twentieth century views, S-TC-45
504 _aBibliography: p. 184-185.
600 1 0 _aShakespeare, William,
_d1564-1616
_xHistories.
_956465
650 0 _aHistorical drama, English
_xHistory and criticism.
_956252
650 0 _aKings and rulers in literature.
_920426
650 0 _aMiddle Ages in literature.
_956253
651 0 _aGreat Britain
_xHistory
_y1066-1687
_xHistoriography.
_956254
942 _2ddc
_cBK
999 _c18338
_d18338